000 00555nam a2200181Ia 4500
005 20250923144724.0
008 008 250917s9999 xx 000 0 eng d
037 _aTextual
040 _aDSWL
_beng
_cDSWL
041 _aeng
_2eng
084 _aY159RoX:3.2, J8
_qDSWL
100 _aBeidelman, Thomas
_9827754
245 0 _aComparative analysis of the Jajman system
_cby Thomas Beidelman
260 _aNew York
_bJ.J.A.I. Publishers
_c1959
300 _a86p.
942 _cTEXL
_hY159RoX:3.2, J8
999 _c1442503
_d1442503